Pour une sicence de l'individuel (Record no. 51452)

MARC details
000 -LEADER
campo de control de longitud fija 00575nam a2200157 i 4500
001 - NÚMERO DE CONTROL
campo de control 51452
003 - IDENTIFICADOR DE NÚMERO DE CONTROL
campo de control ES-MaACL
005 - FECHA Y HORA DE LA ÚLTIMA TRANSACCIÓN
campo de control 20230906162350.0
007 - CAMPO FIJO DE DESCRIPCIÓN FÍSICA--INFORMACIÓN GENERAL
campo de control de longitud fija t|
008 - DATOS DE LONGITUD FIJA--INFORMACIÓN GENERAL
campo de control de longitud fija 030813s1923 fr ||||1| fre d
100 1# - ENTRADA PRINCIPAL--NOMBRE DE PERSONA
Nombre de persona Chevalier, Jacques (
Fechas asociadas al nombre 1882-1962)
9 (RLIN) 38413
245 10 - MENCIÓN DEL TÍTULO
Título Pour une sicence de l'individuel
Resto del título : introduction a un essai sur la formation de la nationalité et les réveils religenx an paigs de Galles des origenes a la fin du sixieme siècle /
Mención de responsabilidad, etc. Jacques Chevalier.
260 ## - PUBLICACIÓN, DISTRIBUCIÓN, ETC.
Lugar de publicación, distribución, etc. París :
Nombre del editor, distribuidor, etc. Félix Alcan,
Fecha de publicación, distribución, etc. 1923.
300 ## - DESCRIPCIÓN FÍSICA
Extensión 31 p.
852 ## - LOCALIZACIÓN
Ubicación ES-MaACL
Número de control de estantería 1652-F-16
Holdings
Estatus retirado Estado de pérdida Estado de daño No para préstamo Colección Biblioteca de origen Biblioteca actual Ubicación en estantería Fecha de adquisición Fuente de adquisición Total de préstamos Signatura topográfica completa Código de barras Visto por última vez Precio de reemplazo Tipo de ítem Koha
        Colección de folletos Biblioteca del Ateneo de Madrid Biblioteca del Ateneo de Madrid Depósito folletos 17/01/2008     1652-F-16 1054111 23/02/2023 23/02/2023 Folleto